| 000 | 00655nam a22002293a 4500 | ||
|---|---|---|---|
| 005 | 20260206064026.0 | ||
| 008 | 010608s1993 mx fr 000 0 spa d | ||
| 020 | _a8425400953 | ||
| 035 | _aUPN01000107818 | ||
| 049 | _aCG | ||
| 050 | 4 |
_aPF3111 _bO7.4 1993 |
|
| 100 | 1 | _aOtto, E. | |
| 245 | 1 | 0 |
_aGramática sucinta de la lengua alemana / _cE. Otto, E. Ruppert. |
| 250 | _a36a. ed. | ||
| 260 |
_aBarcelona, Esp. : _bHerder, _c1993. |
||
| 300 | _a255 p. | ||
| 440 | 0 | _aGramática sucinta | |
| 500 | _a"Método : Gaspey Otto Sauer" | ||
| 650 | 4 |
_aAlemán _xGramática _xEstudio y enseñanza _92385 |
|
| 700 | 1 |
_aRuppert, E., _ecoaut. |
|
| 905 | _aLibro | ||
| 999 |
_c81730 _d81730 |
||